000 03598nam a22004217a 4500
005 20120206110714.0
010 _aB-452486-492 B-456956-962
020 _a8125026398
_c475.00
020 _a9788125026396
_c475.00
035 _aB-452486-492 B-456956-962
037 _bVirtuous Pub/Ven
037 _bK.K.Pub/Ven
082 _a327.54
245 _aInternational relation in India:
_cedited by Kanti Bajpai and Siddharth Mallavarapu
_bbringing theory back home /
260 _aNew Delhi
_bOrient Longman
_c2005
270 _a1/24 Asaf Ali Road,
_bNew Delhi
_e110002
300 _aviii,546p.
_c22cm(pbk)
500 _aIncludes bibliographical references and index
700 _aBajpai,Kanti
_940979
700 _aMallavarapu, Siddharth
_940980
942 _2ddc
_cEN
_mINT
_h327.54
999 _c62075
_d62075